000 00475nam a2200193Ia 4500
005 20240823043205.0
008 240823s9999||||xx |||||||||||||| ||und||
041 _aENGLISH
082 _A658.4
100 _aVarma MM
245 0 _aOrganisation Theory & Behaviour
250 _a1st
260 _c2004
_b"King Books,Delhi"
500 _aTRANSFERED
650 _aOrganisational Behaviour
_bManagement Studies
700 _a Agarwal R K
942 _cBK
999 _c209645
_d209645